000 00607nam a2200193Ia 4500
003 PILC
005 20160215083331.0
008 140609s9999 xx 000 0 und d
020 _a9780071316408
050 _aBF 713
_b.Sa256 2012
100 _aSantrock, John W.
245 _aEssentials of life-span development /
_cJohn W. Santrock.
250 _a2nd edition.
260 _aNew York :
_bMcGraw-Hill Higher Education,
_c2012.
300 _a494 pages :
_bcolor illustrations ;
_c28 cm.
500 _aIncludes glossary, bibliographical references and index.
942 _kFOR
_cBK
_2lcc
999 _c118230
_d118230